|
|
|
|
| LEADER |
00000cam a2200000 a 4500 |
| 001 |
039541 |
| 003 |
UAHC_CL |
| 005 |
20170803124356.0 |
| 008 |
030903b xx j 000 1 eng |
| 020 |
|
|
|z 0718876X
|
| 040 |
|
|
|a UAHC_CL
|c UAHC_CL
|d UAHC_CL
|
| 100 |
1 |
|
|a Jaluf, Ana Clara
|
| 245 |
1 |
0 |
|a DisneyWar o la articulación entre política externa y cinematografía estadounidense (el caso palestino) /
|c Ana Clara Jaluf.
|
| 260 |
|
|
|b Universidad Academia de Humanismo Cristiano
|c 2004
|a Santiago, Chile
|
| 300 |
|
|
|a p. 51-65
|
| 500 |
|
|
|a En: Revista Chilena de Antropología Visual. No. 4, julio 2004. pp. 51-65. ISSN 0718876X.
|
| 520 |
|
|
|a Una Familia Americana, un programa de televisión estrenado en Estados Unidos en 1973, es considerado el primer reality show. Una exitosa formula mediática, que basada en el documentalismo de la vida real y la antropología cultural, ha recreado el melodrama y sin ninguna modestia está discutiendo nuestras ideas acerca de la realidad.
|
| 650 |
|
4 |
|a Antropología visual
|
| 650 |
|
4 |
|a TELEVISION
|x ASPECTOS SOCIALES
|
| 856 |
|
|
|u http://www.antropologiavisual.cl/ana_clara_jaluf.htm#Layer2
|3 Acceso electrónico al documento
|y Acceso electrónico al documento
|
| 900 |
|
|
|a REV. CHIL. ANTROPOL. VIS.-04/04
|
| 942 |
|
|
|c BK
|
| 999 |
|
|
|c 39541
|d 39541
|